[Event "Stay Safe Play From Home 236"]
[Site "Emanuel Lasker Arena"]
[Date "2020.06.18"]
[Round "1"]
[White "Lamborghini"]
[Black "Souchov"]
[Result "0-1"]
[WhiteElo "2266"]
[BlackElo "1773"]
[Annotator "TA"]
[PlyCount "108"]
[EventDate "2020.06.18"]
[EventType "swiss (blitz)"]

{[%evp 14,108,9,0,0,-8,0,-24,0,0,14,12,18,14,21,21,34,29,23,23,26,0,18,-26,-23,-18,-27,-66,-53,-112,-99,-130,-120,-120,-128,-150,-112,-148,-144,-226,-160,-241,-256,-497,-329,-314,-324,-289,-320,-380,-139,-148,-141,-151,-8,-8,-5,-6,0,-3,-3,0,0,-18,-13,-13,0,0,0,0,14,0,0,-16,0,0,0,0,0,0,0,-4,-4,-4,-8,-8,0,0,0,-8,0,-32,-8,-29985,-8,-6315,-6039]} 1. e4 c5 2. Nf3 Nc6 3. d4 cxd4 4. Nxd4 Nf6 5. Nc3 d6 6. Bc4 e5 7. Nxc6 bxc6 8. Bg5 (8. Qe2 {is interesting.} Be7 9. O-O O-O 10. Bb3 Be6 11. h3) 8... Be7 {B54: Sicilian: 2...d6 3 d4 cxd4 4 Nxd4, Unusual Lines .} 9. Qf3 O-O 10. h3 Be6 {[#] Black has an edge.} 11. Bb3 $146 ({Predecessor:} 11. Bxe6 fxe6 12. O-O-O Rb8 13. Rhf1 Qb6 14. b3 Qa5 15. a4 Nxe4 16. Qxe4 Bxg5+ 17. Kb2 {0-1 (27) Kwong,T-Luk,L (1958) Hong Kong 2017}) 11... a5 12. O-O Qc7 13. Rfd1 Rad8 14. Rd3 h6 15. Bxf6 Bxf6 16. Rad1 Bxb3 17. axb3 Rfe8 18. Na4 d5 19. Nc3 {[%cal Re4d5]} d4 $36 {[%mdl 2048] Black fights for an advantage.} 20. Ne2 c5 21. c4 ({Better is} 21. Ra1 $15) 21... Bg5 22. g3 Rd6 23. h4 Bd8 24. Kg2 Rb6 25. Qg4 Qb7 26. Ng1 (26. Nc3 $17) 26... Bc7 27. Qf3 (27. Nf3 $17 {was necessary.}) 27... Rb8 $19 28. Ne2 $2 (28. Rb1) 28... Rxb3 29. Rxb3 Qxb3 30. Qxb3 Rxb3 {[%mdl 4096] Endgame KRB-KRN} 31. Rd2 {Now Nc1 and White clings on.} a4 $2 (31... Rb4 $19 {aiming for ...a4.} 32. Nc1 Rxc4) 32. Nc1 $17 Rb4 33. Rc2 Ba5 ({Black should try} 33... Bd6 $17 {White must now prevent ...Kh7.} 34. Kf3 f6) 34. Nd3 $11 Rb3 35. Nxc5 {[%mdl 64] [#] Double Attack} Rb8 (35... d3 $5 36. Rc1 $8 Rxb2 37. Nxd3 {[%mdl 64] Double Attack} Rb3 $11) 36. Nxa4 d3 37. Rc1 d2 38. Rd1 Rb4 39. Nc3 Rxc4 40. Rxd2 Bxc3 41. bxc3 Rxc3 {KR-KR} 42. Re2 Rc4 43. Rd2 Kf8 44. f3 Ke7 45. Rd5 Ke6 46. Rb5 Rc3 47. Kh3 Rxf3 48. Rb6+ Ke7 49. Rb7+ Kf6 50. Rb6+ Ke7 51. Rb7+ Kd8 52. Rb6 Kc7 53. Rb7+ $2 {[%mdl 8192] [#]} (53. Ra6 $11) 53... Kc6 $2 (53... Kxb7 {mates} 54. Kg2 Re3 55. Kf2 Rxe4 56. Kg2 f5 57. Kf2 Rg4 58. Kf3 e4+ 59. Kf2 Rg6 60. h5 Rg4 61. Ke3 Rxg3+ 62. Ke2 f4 63. Kf1 Rc3 64. Kg2 Ra3 65. Kf2 Ra2+ 66. Kg1 e3 67. Kh1 f3 68. Kg1 Rf2 69. Kh1 e2 70. Kg1 e1=Q#) 54. Kg4 $2 {[%mdl 8192]} (54. Ra7 $11) 54... Kxb7 {Accuracy: White = 57%, Black = 73%.} 0-1

[Event "Stay Safe Play From Home 236"]
[Site "Emanuel Lasker Arena"]
[Date "2020.06.18"]
[Round "1"]
[White "BrainThinker22"]
[Black "Position"]
[Result "1-0"]
[WhiteElo "2255"]
[BlackElo "2077"]
[Annotator "NA RC"]
[PlyCount "99"]
[EventDate "2020.06.18"]
[EventType "swiss (blitz)"]

1. e4 {[%emt 0:00:01]} d6 {[%emt 0:00:01]} 2. Nc3 {[%emt 0:00:01]} c5 {[%emt 0:00:00]} 3. g3 {[%emt 0:00:00]} a6 {[%emt 0:00:00]} 4. Bg2 {[%emt 0:00:00]} Nc6 {[%emt 0:00:00]} 5. d3 {[%emt 0:00:00]} g6 {[%emt 0:00:00]} 6. Be3 {[%emt 0:00:00]} Bg7 {[%emt 0:00:00]} 7. Qd2 {[%emt 0:00:00]} Nf6 {[%emt 0:00:00]} 8. h3 {[%emt 0:00:01]} O-O {[%emt 0:00:03]} 9. Nge2 {[%emt 0:00:01]} Rb8 {[%emt 0:00:02]} 10. O-O {[%emt 0:00:00]} e5 {[%emt 0:00:01]} 11. f4 {[%emt 0:00:01]} Nd4 {[%emt 0:00:01]} 12. f5 {[%emt 0:00:01]} b5 {[%emt 0:00:03]} 13. g4 {[%emt 0:00:01]} b4 {[%emt 0:00:02]} 14. Nd1 {[%emt 0:00:01]} Nxe2+ {[%emt 0:00:01]} 15. Qxe2 {[%emt 0:00:00]} h6 {[%emt 0:00:01]} 16. Qd2 {[%emt 0:00:01]} g5 {[%emt 0:00:01]} 17. Nf2 {[%emt 0:00:02]} Nh7 {[%emt 0:00:01]} 18. h4 {[%emt 0:00:02]} a5 {[%emt 0:00:01]} 19. hxg5 {[%emt 0:00:01]} hxg5 {[%emt 0:00:01]} 20. Nh3 {[%emt 0:00:01]} f6 {[%emt 0:00:01]} 21. c3 {[%emt 0:00:01]} Ba6 {[%emt 0:00:01]} 22. Rf2 {[%emt 0:00:01]} bxc3 {[%emt 0:00:03]} 23. bxc3 {[%emt 0:00:00]} Qb6 {[%emt 0:00:01]} 24. Bf1 {[%emt 0:00:02]} Qc6 {[%emt 0:00:01]} 25. Be2 {[%emt 0:00:01]} c4 {[%emt 0:00:01]} 26. Rd1 {[%emt 0:00:04]} Rfd8 {[%emt 0:00:02]} 27. Kg2 {[%emt 0:00:07]} Rbc8 {[%emt 0:00:01]} 28. Rc1 {[%emt 0:00:02]} cxd3 {[%emt 0:00:01]} 29. Bxd3 {[%emt 0:00:00]} Bxd3 {[%emt 0:00:02]} 30. Qxd3 {[%emt 0:00:00]} d5 {[%emt 0:00:00]} 31. Rd2 {[%emt 0:00:04]} d4 {[%emt 0:00:02]} 32. Bf2 {[%emt 0:00:03]} dxc3 {[%emt 0:00:01]} 33. Qxd8+ {[%emt 0:00:01]} Rxd8 {[%emt 0:00:01]} 34. Rxd8+ {[%emt 0:00:00]} Bf8 {[%emt 0:00:02]} 35. Kf3 {[%emt 0:00:01]} Qc4 {[%emt 0:00:02]} 36. Be3 {[%emt 0:00:01]} c2 {[%emt 0:00:01]} 37. Rd2 {[%emt 0:00:02]} Qxa2 {[%emt 0:00:05]} 38. Rdxc2 {[%emt 0:00:01]} Qb3 {[%emt 0:00:01]} 39. Rc3 {[%emt 0:00:01]} Qb5 {[%emt 0:00:01]} 40. Nf2 {[%emt 0:00:01]} a4 {[%emt 0:00:01]} 41. Rc8 {[%emt 0:00:01]} a3 {[%emt 0:00:01]} 42. Bc5 {[%emt 0:00:01]} Qb3+ {[%emt 0:00:01]} 43. Kg2 {[%emt 0:00:03]} Qb2 {[%emt 0:00:01]} 44. Bxf8 {[%emt 0:00:01]} Nxf8 {[%emt 0:00:00]} 45. R1c2 {[%emt 0:00:00]} Qb4 {[%emt 0:00:01]} 46. Ra8 {[%emt 0:00:01]} Qb3 {[%emt 0:00:01]} 47. Rcc8 {[%emt 0:00:00]} Qe3 {[%emt 0:00:00]} 48. Rxf8+ {[%emt 0:00:01]} Kg7 {[%emt 0:00:00]} 49. Rfb8 {[%emt 0:00:00]} Kf7 {[%emt 0:00:00]} 50. Rb7# {[%emt 0:00:00] (Lag: Av=0.67s, max=1.0s)} 1-0

[Event "Stay Safe Play From Home 236"]
[Site "Emanuel Lasker Arena"]
[Date "2020.06.18"]
[Round "1"]
[White "SoulofWolf"]
[Black "Klasman"]
[Result "1-0"]
[WhiteElo "2178"]
[BlackElo "1270"]
[Annotator "TA"]
[PlyCount "39"]
[EventDate "2020.06.18"]
[EventType "swiss (blitz)"]

{[%evp 9,39,10,51,6,9,0,52,21,109,67,54,47,39,47,77,34,39,34,132,130,261,277,292,285,756,300,322,43,50,57,62,50]} 1. d4 d5 2. Nf3 c6 3. Bg5 h6 4. Bh4 g5 5. Bg3 Bg7 {[#]} 6. h4 $146 {D00: 1 d4 d5: Unusual lines.} ({Predecessor:} 6. e3 Be6 7. h4 g4 8. Ne5 h5 9. Nd3 Bf5 10. Nd2 Nf6 11. Be2 Nbd7 12. O-O {1-0 (85) Goreacinic,D (2294)-Hillmann,M (2200) Germany 2013}) 6... g4 7. Ne5 $1 Bxe5 (7... Nf6 $11) 8. dxe5 e6 (8... Qb6 $11 {keeps the balance.}) 9. e3 h5 10. Bd3 Ne7 11. Nd2 $36 {[%cal Bb1d2,Bd2e4,Be4d6][%mdl 2080] White is pushing.} c5 12. b3 Nbc6 13. c4 d4 (13... Nf5 $14) 14. Ne4 $16 dxe3 (14... Qa5+ $16 15. Kf1 Kf8) 15. Nd6+ $18 ({Resist} 15. fxe3 $6 Nf5 $16) 15... Kf8 16. fxe3 Ng6 $2 (16... Qa5+ 17. Kf2 Nf5) 17. O-O $2 (17. Bxg6 fxg6 18. O-O+ Kg8 19. Qc2) 17... Ngxe5 {[#]} 18. Bxe5 $2 (18. Nxf7 $1 $18 {[%mdl 512]} Nxf7 19. Bg6) 18... Nxe5 $14 19. Nxf7 $1 {[%mdl 64] Deflection} Nxf7 {[#]} 20. Bg6 $1 {[%mdl 512] Accuracy: White = 49%, Black = 25%.} 1-0

[Event "Stay Safe Play From Home 236"]
[Site "Emanuel Lasker Arena"]
[Date "2020.06.18"]
[Round "1"]
[White "Lazieri3"]
[Black "Greblha"]
[Result "0-1"]
[WhiteElo "2126"]
[BlackElo "1950"]
[Annotator "TA"]
[PlyCount "104"]
[EventDate "2020.06.18"]
[EventType "swiss (blitz)"]

{[%evp 9,104,53,73,45,39,14,28,10,16,0,5,8,6,0,0,0,0,-8,22,3,34,28,70,65,70,42,49,-314,66,64,60,23,52,48,53,54,60,2,12,4,40,33,43,17,21,0,0,-6,-8,-10,0,0,0,-4,0,0,0,0,0,0,0,0,42,0,11,0,0,0,0,0,0,0,0,0,0,0,0,0,0,0,0,0,0,0,0,0,379,-29974,777,-29975,-29976,-29976,-29977,-29976,-29969,-12801,-5502]} 1. e3 c6 2. d4 d5 3. c4 Nf6 4. cxd5 Nxd5 5. Nf3 g6 6. Nc3 {D10: Slav Defence: 3 cxd5 (without early Nf3) and 3 Nc3.} Bg7 7. Nxd5 cxd5 8. Bb5+ {White has an edge.} Bd7 9. Bxd7+ (9. Be2 {looks sharper.} Bf5 10. O-O Nc6 11. Bd2 O-O 12. b4) 9... Nxd7 10. O-O O-O {[#]} 11. b3 $146 ({Predecessor:} 11. Bd2 Qb6 12. Bc3 {½-½ (12) Graff,K-Kelbratowski,K Koblenz 1990}) 11... e6 12. Ba3 Re8 13. Rc1 Nb6 14. Qd2 Rc8 15. h3 Qd7 16. Qa5 Ra8 17. Bc5 Nc8 {[#] Threatens to win with ...b6.} 18. Ne5 $2 {[%mdl 8192]} (18. Bb4 $14 {keeps the upper hand.}) 18... Qd8 $2 ({Better is} 18... Bxe5 $1 $19 19. dxe5 b6 {[%mdl 64] Double Attack}) 19. Qxd8 $14 Rxd8 20. Nd3 b6 21. Ba3 Bf8 22. Bxf8 Kxf8 23. Nb4 ({White should play} 23. Ne5 $14) 23... Rd7 24. Rc2 Ne7 25. Rfc1 Ke8 26. Na6 {[#] aiming for Nc7+.} Kd8 27. Nc7 Rc8 {[%cal Rd7c7]} 28. Nb5 Rxc2 29. Rxc2 $11 {[%mdl 4096] Endgame KRN-KRN} Nc8 30. f3 a6 31. Na3 Rc7 32. Rxc7 Kxc7 {KN-KN} 33. Kf2 Kd6 34. Ke2 b5 35. Kd3 Nb6 36. Nc2 Nd7 37. Nb4 Nb8 38. Nc2 a5 39. a4 b4 40. e4 Nc6 41. exd5 exd5 42. g4 f5 43. f4 fxg4 44. hxg4 Ne7 45. Ne3 h5 46. f5 {f6 is the strong threat.} gxf5 47. gxh5 {Strongly threatening h6.} f4 $2 {[%mdl 8192]} (47... Ke6 $1 $11 {and Black has nothing to worry.}) 48. h6 $4 {[%mdl 8192]} (48. Ng2 $18) 48... Ng6 $4 {[%mdl 8192]} (48... fxe3 49. h7 Ng6 50. Kxe3 Ke6 51. Kf2 Kf6 52. Kf3 Kg5 53. Kg3 Nh8 54. Kf3 Kf5 55. Kg3 Ke4 56. Kg4 Kxd4 57. Kf5 Kc3 58. Kf6 d4 59. Kg7 d3 60. Kxh8 d2 61. Kg8 Kxb3 62. h8=Q d1=Q 63. Qf6 Kxa4 64. Kf8 Ka3 65. Qb6 a4 66. Qc5 Qb3 67. Ke7 Qc3 68. Qd6 Ka2 69. Qd5+ b3 70. Kd7 Qc2 71. Qe6 a3 72. Qd5 Ka1 73. Qh1+ Kb2 74. Qh8+ Qc3 75. Qh2+ Kc1 76. Qh1+ Kc2 77. Ke7 b2 78. Qe4+ Qd3 79. Qg2+ Kd1 80. Qh1+ Kd2 81. Kf6 b1=Q 82. Qh2+ Kc3 83. Qc7+ Qc4 84. Qa5+ Qbb4 85. Qe5+ Qd4 86. Ke6 Qxe5+ 87. Kxe5 a2 88. Ke6 a1=Q 89. Kf5 Qa7 90. Kg5 Qg7+ 91. Kh5 Qbg4#) 49. h7 $4 {[%mdl 8192]} (49. Ng4 $18 Nf8 50. Nf6) 49... fxe3 50. Kxe3 Ke6 51. Kf3 Nh8 52. Kg4 Nf7 {Accuracy: White = 67%, Black = 71%.} (52... Kf6 $142 53. Kf4 Nf7) 0-1

[Event "Stay Safe Play From Home 236"]
[Site "Emanuel Lasker Arena"]
[Date "2020.06.18"]
[Round "1"]
[White "Bardellosport"]
[Black "Mepe_Nika"]
[Result "0-1"]
[WhiteElo "2045"]
[BlackElo "2364"]
[Annotator "TA"]
[PlyCount "44"]
[EventDate "2020.06.18"]
[EventType "swiss (blitz)"]

{[%evp 9,44,-37,-31,-25,20,-33,9,-12,-7,-4,-1,-149,-147,-150,-154,-166,-166,-166,-166,-185,-166,-190,-179,-206,-179,-178,-156,-154,-145,-148,-146,-151,-140,-301,-283,-664,-679]} 1. d4 c5 2. e3 cxd4 3. exd4 d5 4. c3 Nc6 5. f4 Nf6 6. Nf3 {B13: Caro-Kann: Exchange Variation and Panov-Botvinnik Attack.} Bg4 7. Be2 (7. h3 $11 Bxf3 8. Qxf3) 7... Ne4 8. Ne5 {The position is equal.} Bxe2 9. Qxe2 e6 {[#] Black wants to play ...Qh4+.} 10. Nd2 $146 (10. O-O $11 {keeps the balance.}) ({Predecessor:} 10. O-O Bd6 11. Nd2 Nxd2 12. Bxd2 O-O 13. Rae1 Qc7 14. Rf3 Rae8 15. Rh3 g6 16. Qg4 {½-½ (61) Matikainen,O-Julkunen,T Finland 2003}) 10... Qh4+ $17 {[%mdl 64] Double Attack} 11. g3 {[#]} Nxg3 $1 {[%mdl 576] Double Attack, Pin} 12. Qf2 (12. hxg3 Qxh1+) 12... Nf5 13. Qxh4 Nxh4 14. O-O f6 15. Nd3 Bd6 16. Nf3 Nxf3+ 17. Rxf3 O-O 18. Bd2 Rae8 19. Re1 Re7 20. Rfe3 Rfe8 21. Nf2 $2 {[#]} (21. R3e2 $17 {might work better.}) 21... Bxf4 $19 22. Rf3 $2 (22. R3e2 Bd6 23. Kh1) 22... Bxd2 {Accuracy: White = 40%, Black = 83%.} 0-1

[Event "Stay Safe Play From Home 236"]
[Site "Emanuel Lasker Arena"]
[Date "2020.06.18"]
[Round "1"]
[White "Haxhi Baha"]
[Black "Broken sword"]
[Result "0-1"]
[WhiteElo "2003"]
[BlackElo "2424"]
[Annotator "TA"]
[PlyCount "92"]
[EventDate "2020.06.18"]
[EventType "swiss (blitz)"]

{[%evp 12,91,28,17,19,27,27,0,0,-6,0,-21,4,2,0,0,3,0,0,-22,-11,-94,-28,-70,-19,-154,-140,-154,-155,-226,-106,-112,-116,-116,-116,-109,-111,-111,-109,-232,-226,-271,24,30,23,-87,-27,-34,0,-5693,-2506,-5697,-5614,-29991,-29991,-29996,-29989,-29991,-29992,-29992,-29993,-29993,-29992,-29992,-29993,-29994,-29993,-29994,-29995,-29996,-29995,-29995,-29996,-29996,-29997,-29997,-29997,-29997,-29997,-29998,-29999,-29999]} 1. e4 e6 2. d4 d5 3. exd5 exd5 4. Nf3 Nf6 5. Bd3 Bg4 6. O-O Be7 7. h3 Bh5 {C01: French: Exchange Variation.} 8. Re1 O-O 9. g4 Bg6 {[#] The position is equal.} 10. Bf4 $146 ({Predecessor:} 10. Bxg6 hxg6 11. Ne5 Ne4 12. Nd2 Nxd2 13. Bxd2 Nd7 14. Qe2 Bd6 15. Qb5 Nb6 16. Ba5 {½-½ (75) Ilyuchyk,Y (1992)-Avramidou,A (2257) Heraklion 2017}) 10... c6 11. Ne5 Bxd3 12. Qxd3 Nbd7 13. Nd2 Re8 14. Ndf3 Ne4 15. c3 Ndf6 16. Bg3 (16. Re2 $11) 16... Bd6 (16... Nxg3 $17 17. fxg3 Ne4) 17. Kg2 Qc7 (17... Nxg3 $15 18. Kxg3 Ne4+ 19. Kg2 Qe7) 18. c4 (18. Bf4 $11 {remains equal.}) 18... Nxg3 19. fxg3 dxc4 $1 20. Qxc4 (20. Qf5 $17 {keeps fighting.}) 20... Rad8 (20... Nd5 $19 {and Black stays clearly on top.} 21. Rac1 f6 22. Nxc6 bxc6 23. Qxc6 Ne3+ 24. Rxe3 Qxc6 25. Rxc6 Rxe3 26. Rxd6 Re2+ {[%mdl 64] Double Attack} 27. Kf1 Rxb2) 21. Re2 Nd5 {And now ...f6 would win.} 22. Rae1 f6 $1 {aiming for ...Bb4.} 23. Nd3 Rxe2+ 24. Rxe2 Bxg3 25. Nc5 {[#]} (25. Nb4 $17) 25... Bd6 $1 $19 26. Ne6 {[#]} Qd7 $2 (26... Qf7 $1 $19 27. Kh1 Re8) 27. Nxd8 $11 Qxd8 28. Re6 (28. Qb3 $11 {keeps the balance.}) 28... Qd7 (28... Nf4+ $17 29. Kf2 Nxe6 30. Qxe6+ Kf8) 29. Re4 Qf7 30. g5 $2 {[%mdl 8192] Black keeps a firm grip on the game.} (30. Qb3 $11) 30... Nf4+ $19 {[%mdl 64] Discovered Attack} 31. Rxf4 Qxc4 32. gxf6 Bxf4 {Black mates.} 33. Ne5 Bxe5 34. f7+ Kxf7 35. dxe5 Qe4+ 36. Kg3 Qxe5+ 37. Kf3 Ke6 38. b3 Qf5+ 39. Kg3 Ke5 40. Kg2 Qf4 41. h4 Ke4 42. b4 Qf3+ 43. Kg1 Ke3 44. h5 Qf2+ {[%mdl 64] Double Attack} 45. Kh1 Kf3 {[%csl Gf3][%cal Rf2g2]} 46. h6 Qg2# {Accuracy: White = 45%, Black = 60%.} 0-1

[Event "Stay Safe Play From Home 236"]
[Site "Emanuel Lasker Arena"]
[Date "2020.06.18"]
[Round "1"]
[White "NeatFox"]
[Black "Hoffentlichreichts"]
[Result "0-1"]
[WhiteElo "1778"]
[BlackElo "2378"]
[Annotator "TA"]
[PlyCount "116"]
[EventDate "2020.06.18"]
[EventType "swiss (blitz)"]

{[%evp 9,116,-84,-89,-87,-79,-131,-114,-195,-127,-131,-122,-135,-79,-74,-81,-80,-80,-328,-335,-297,-182,-107,-96,-270,-258,-268,-268,-273,-268,-327,-160,-120,-82,-88,-97,-105,-38,-59,147,-26,0,0,39,0,297,32,224,32,453,445,653,417,456,448,622,618,1034,404,383,394,389,298,298,265,295,287,430,279,268,0,417,-29974,-29975,-29968,-12168,-2549,-1939,-29982,-29977,-29982,-29983,-29982,-29979,-29975,-29967,-12798,-12802,-29983,-29981,-29981,-29982,-29981,-29982,-29984,-29984,-29987,-29987,-29984,-29985,-29986,-29986,-29994,-29991,-29993,-29990,-29994,-29994,-29994,-29995]} 1. g4 c6 2. Bg2 d5 3. c4 h5 {[#]} 4. cxd5 $146 ({Predecessor:} 4. g5 e6 5. cxd5 Qxg5 6. Bf3 exd5 7. d4 Bb4+ 8. Nc3 Qe7 9. Bf4 Nf6 10. e3 Ne4 {1-0 (27) Csapo,Z (1965)-Bensaid,S (1886) Budapest 2016}) 4... cxd5 5. Qb3 e6 6. gxh5 {A00: Irregular Openings.} Nc6 7. e3 (7. Nf3 $142) 7... Rxh5 8. d4 (8. Nf3 $17) 8... Nf6 (8... Qg5 $1 $19 {[%cal Rg5g2]} 9. Bf3 Rxh2 $1 {[%mdl 512]}) 9. Nc3 $17 Bd6 10. Nf3 Ne4 (10... Bd7 $142 11. Qd1 Kf8) 11. Nxe4 dxe4 12. Nd2 f5 13. f3 $2 (13. Nc4 $17) 13... Qh4+ $19 (13... Bxh2 14. fxe4 Qg5 15. Kf1 $11) 14. Kd1 {[%cal Rf3e4]} Rg5 15. Bf1 Qf2 16. Be2 $2 (16. fxe4 $17 {is a better defense.} f4 17. Qd3) 16... Rg2 17. Re1 Rg1 (17... Bxh2 18. fxe4 Bg3 19. Bh5+ g6 20. Rf1 $17) 18. Rxg1 Qxg1+ 19. Nf1 Bd7 (19... exf3 $19 {is more deadly.} 20. Bc4 a6) 20. fxe4 $17 O-O-O 21. exf5 exf5 22. Bd2 Bc7 (22... Kb8 $17 23. Rc1 Ka8) 23. Rc1 {[#] And now d5 would win.} Kb8 $2 (23... f4 $1 $15 {[%mdl 512] stays ahead.} 24. Rc5 (24. exf4 Nxd4) 24... Bb6) 24. Kc2 $2 ({White has to play} 24. d5 $1 $16 {[%cal Rd5c6]} Qg2 25. dxc6 Bxc6 26. Qc4) 24... Rc8 25. Kb1 $36 {[%mdl 2048] White is more active.} Qf2 (25... Qg2 $5 {[%cal Rg2e2]} 26. Bd3 Bd6 $14) 26. Qd1 Na5 $2 {[%mdl 8192] [#]} (26... g5 $11 {and Black is okay.}) 27. Qe1 $2 ({White should play} 27. Rxc7 $1 $18 {[%mdl 512]} Rxc7 (27... Kxc7 28. Bxa5+) 28. Bxa5) 27... Qg2 $2 (27... Qxe1 $1 $14 28. Bxe1 Nc6) 28. Bxa5 $2 (28. Rxc7 $1 $18 Rxc7 29. Bxa5) 28... Qe4+ $2 {[%mdl 8192]} ({Better is} 28... Bxa5 $14 29. Qg3+ Qxg3 30. Rxc8+ (30. Nxg3 Re8 $11) (30. hxg3 Rh8 $11) 30... Kxc8 31. Nxg3 (31. hxg3 Kc7 $11) 31... Bd2) 29. Ka1 $18 Be6 (29... Bd6 $142 30. Rxc8+ Bxc8) 30. Bc3 Qd5 {[%csl Ge6][%cal Rd5a2]} 31. b3 Bd6 32. Bc4 Qe4 33. Qd2 (33. Nd2 $142 Qg2 34. Bxe6) 33... Bxc4 34. bxc4 Rxc4 35. Bb2 Rxc1+ 36. Qxc1 a6 37. Ng3 Qd3 (37... Qg4 $142 38. a3 Qf3) 38. Qc3 Qd1+ {[#]} 39. Qc1 (39. Bc1 $142 $1) 39... Qd3 $1 40. Qc4 $4 {[%mdl 8192]} (40. Qb1 $18 Qxb1+ 41. Kxb1) 40... Qxc4 41. a3 Qd3 (41... Qb3 $142 42. Ne2 Bxa3 43. Bc1 Bxc1 44. Nxc1 Qxe3 {[%mdl 64] Double Attack} 45. Kb2 Qd2+ 46. Kb1 f4 47. Nb3 Qd3+ {[%mdl 64] Double Attack} 48. Kb2 f3 49. Nc5 Qxd4+ {[%mdl 64] Double Attack} 50. Kc2 f2 51. Nb3 Qc4+ 52. Kb1 Qxb3+ 53. Kc1 f1=Q+ 54. Kd2 Qbd3#) 42. Ka2 $19 Bc7 43. Nxf5 Ba5 44. Ne7 Bc3 45. Nd5 Bxb2 46. Kxb2 Qe4 47. Nc3 Qxe3 48. Nd5 Qd2+ {Black mates.} 49. Kb3 Qxd4 50. Nc3 Qf2 51. Ne4 Qxh2 52. Nc3 Qh3 53. Kc4 g5 54. Nd5 g4 55. Ne3 Qf3 56. Nf5 g3 57. Nh4 Qg4+ 58. Kd5 Qxh4 {Quite a comeback for Black. Accuracy: White = 41%, Black = 33%.} 0-1

[Event "Stay Safe Play From Home 236"]
[Site "Emanuel Lasker Arena"]
[Date "2020.06.18"]
[Round "1"]
[White "Trotsky"]
[Black "little champs"]
[Result "0-1"]
[WhiteElo "1505"]
[BlackElo "2268"]
[Annotator "TA"]
[PlyCount "52"]
[EventDate "2020.06.18"]
[EventType "swiss (blitz)"]

{[%evp 9,52,54,67,69,73,0,0,4,31,-53,-49,-94,-104,-264,-278,-254,-276,-262,-234,-223,-222,-541,-565,-568,-544,-837,-642,-660,-641,-942,-911,-869,-859,-1792,-1718,-3386,-1677,-1677,-1677,-29980,-29981,-29991,-29992,-29993,-29994]} 1. d4 c6 2. e3 d5 3. c4 Nf6 4. Nc3 dxc4 5. Bxc4 g6 {[#]} 6. Qc2 $146 {D10: Slav Defence: 3 cxd5 (without early Nf3) and 3 Nc3.} ({Predecessor:} 6. Nf3 Bg7 7. O-O O-O 8. e4 b5 9. Bd3 b4 10. Na4 Ba6 11. Re1 Bxd3 12. Qxd3 Qa5 13. Qb3 {1-0 (48) Stojanovic,M (2522)-Lemmers,O (2327) Porto Carras 2018}) 6... Bg7 7. Bd3 ({Better is} 7. h3 $16) 7... O-O $11 8. Nf3 {The position is equal.} Nbd7 {[%cal Bb8d7,Bd7e5,Be5d3][%mdl 32]} 9. Ng5 (9. O-O $14) 9... e5 $15 10. h4 exd4 11. Ne2 $2 {[#]} (11. exd4 $17 {only move.} Nb6 12. Ne2) 11... dxe3 $19 12. Bxe3 Ne5 13. O-O-O {White wants to play Bxg6.} Nxd3+ 14. Rxd3 Qa5 {White must now prevent ...Bf5.} 15. h5 $2 {[#]} (15. Ra3 Qc7 16. Ng3) 15... Bf5 16. hxg6 hxg6 17. g4 Bxd3 18. Qxd3 Qxa2 19. Nxf7 {intending Nh6+.} Rxf7 20. Qxg6 Qa1+ 21. Kc2 Qxh1 22. Nf4 Qe4+ 23. Qxe4 Nxe4 24. Kb1 Bh6 {Black mates.} 25. Ka2 Bxf4 26. Bxf4 Rxf4 {[%mdl 64] Double Attack. White did not feel at home in the position after the opening. Accuracy: White = 21%, Black = 92%.} 0-1